[Event "Hampshire Open"]
[Site "Eastleigh"]
[Date "2008.11.07"]
[Round "1"]
[White "Corkett, Anthony R"]
[Black "Payne, Stephen J"]
[Result "1-0"]
[WhiteElo "2306"]
[BlackElo "1888"]
[PlyCount "99"]
[EventDate "2008.11.07"]
[EventType "swiss"]
[EventRounds "6"]
[EventCountry "ENG"]
[SourceTitle "BritBase"]
[Source "John Saunders"]
[SourceDate "2025.01.31"]
[SourceVersion "1"]
[SourceVersionDate "2025.01.31"]
[SourceQuality "1"]

1. d4 Nf6 2. g3 g6 3. Bg2 Bg7 4. e4 d6 5. Ne2 O-O 6. O-O e5 7. Nbc3 exd4 8. Nxd4 Re8 9. Rb1 a6 10. b4 Nbd7 11. Nb3 Ne5 12. a4 Bg4 13. f3 Be6 14. Re1 Nc4 15. Bf1 Qd7 16. Nd4 Ne5 17. Nxe6 Qxe6 18. Be3 Rad8 19. Bf2 d5 20. exd5 Nxd5 21. Nxd5 Qxd5 22. Qxd5 Rxd5 23. Bg2 Rdd8 24. f4 Nc6 25. Rxe8+ Rxe8 26. Kf1 Bc3 27. b5 axb5 28. Rxb5 Rd8 29. Rd5 Rxd5 30. Bxd5 Na5 31. Ke2 c6 32. Ba2 b5 33. axb5 cxb5 34. Bd5 Nc4 35. Kd3 Nb2+ 36. Kxc3 Nd1+ 37. Kb4 Nxf2 38. Kxb5 Ng4 39. h3 Ne3 40. Be4 Kf8 41. c4 Ke7 42. c5 Kd7 43. Kb4 h5 44. Kc3 Nf1 45. g4 hxg4 46. hxg4 Nh2 47. g5 Nf1 48. Kd4 Ng3 49. Ke5 Ne2 50. Bd5 1-0

[Event "Hampshire Open"]
[Site "Eastleigh"]
[Date "2008.11.07"]
[Round "1"]
[White "Hart, David R"]
[Black "Esmat, Khaled"]
[Result "1-0"]
[WhiteElo "1896"]
[BlackElo "1816"]
[PlyCount "79"]
[EventDate "2008.11.07"]
[EventType "swiss"]
[EventRounds "6"]
[EventCountry "ENG"]
[SourceTitle "BritBase"]
[Source "John Saunders"]
[SourceDate "2025.01.31"]
[SourceVersion "1"]
[SourceVersionDate "2025.01.31"]
[SourceQuality "1"]

1. e4 d6 2. d4 Nf6 3. Nc3 g6 4. f4 Bg7 5. Nf3 c5 6. e5 Nfd7 7. Be3 cxd4 8. Bxd4 dxe5 9. fxe5 O-O 10. e6 fxe6 11. Bxg7 Kxg7 12. Qd4+ Nf6 13. Qe3 Nc6 14. Bd3 Nd5 15. Qd2 Qa5 16. h4 Nxc3 17. bxc3 Ne5 18. h5 Nxf3+ 19. gxf3 Qe5+ 20. Kf2 g5 21. h6+ Kh8 22. Rag1 Qf6 23. Qxg5 Qxg5 24. Rxg5 Rf7 25. Rg7 Rxg7 26. hxg7+ Kxg7 27. Rxh7+ Kg8 28. Rxe7 Kf8 29. Rh7 Kg8 30. Be4 e5 31. Kg3 Be6 32. Rxb7 Rc8 33. Rxa7 Rxc3 34. a4 Kf8 35. a5 Rc5 36. Kh4 Bd5 37. Kg5 Bxe4 38. fxe4 Rxc2 39. a6 Rf2 40. Rb7 1-0

[Event "Hampshire Open"]
[Site "Eastleigh"]
[Date "2008.11.07"]
[Round "1"]
[White "Hurn, Paul AT"]
[Black "Yeo, Michael J"]
[Result "0-1"]
[WhiteElo "1680"]
[BlackElo "2103"]
[PlyCount "50"]
[EventDate "2008.11.07"]
[EventType "swiss"]
[EventRounds "6"]
[EventCountry "ENG"]
[SourceTitle "BritBase"]
[Source "John Saunders"]
[SourceDate "2025.01.31"]
[SourceVersion "1"]
[SourceVersionDate "2025.01.31"]
[SourceQuality "1"]

1. e4 e5 2. Nf3 Nc6 3. d4 exd4 4. Nxd4 Nf6 5. Bc4 Nxe4 6. Qh5 Nd6 7. Nxc6 dxc6 8. Bb3 g6 9. Qf3 Bg7 10. O-O O-O 11. Nc3 Nf5 12. Bf4 a5 13. Rad1 Nd4 14. Qg3 a4 15. Bxc7 Qf6 16. Bb6 Nf5 17. Ne4 Qxb2 18. Bxf7+ Rxf7 19. Rd8+ Bf8 20. Qg5 Qxb6 21. Nf6+ Kh8 22. Rfd1 Qa5 23. g4 Nd4 24. Rxf8+ Rxf8 25. Qh4 Nf3+ 0-1

[Event "Hampshire Open"]
[Site "Eastleigh"]
[Date "2008.11.07"]
[Round "1"]
[White "Kawuma, Moses"]
[Black "Coburn, Joseph A"]
[Result "1-0"]
[WhiteElo "2204"]
[BlackElo "1720"]
[PlyCount "49"]
[EventDate "2008.11.07"]
[EventType "swiss"]
[EventRounds "6"]
[EventCountry "ENG"]
[SourceTitle "BritBase"]
[Source "John Saunders"]
[SourceDate "2025.01.31"]
[SourceVersion "1"]
[SourceVersionDate "2025.01.31"]
[SourceQuality "1"]

1. d4 Nf6 2. Nf3 d6 3. c4 g6 4. Nc3 Bg7 5. Bf4 Nh5 6. Bg5 h6 7. Bh4 g5 8. Bg3 Nd7 9. e3 Ndf6 10. Be2 Nxg3 11. hxg3 c6 12. Qc2 a6 13. e4 Bg4 14. O-O-O Rc8 15. e5 Nd7 16. Qe4 Bxf3 17. gxf3 dxe5 18. dxe5 Bxe5 19. Rxd7 Qa5 20. Rd3 Bf6 21. Kb1 b5 22. f4 b4 23. Nd1 gxf4 24. Bg4 e6 25. Bxe6 1-0

[Event "Hampshire Open"]
[Site "Eastleigh"]
[Date "2008.11.07"]
[Round "1"]
[White "Kawuma, Steven Male"]
[Black "Fowler, David W"]
[Result "1/2-1/2"]
[WhiteElo "2156"]
[BlackElo "1802"]
[PlyCount "109"]
[EventDate "2008.11.07"]
[EventType "swiss"]
[EventRounds "6"]
[EventCountry "ENG"]
[SourceTitle "BritBase"]
[Source "John Saunders"]
[SourceDate "2025.01.31"]
[SourceVersion "1"]
[SourceVersionDate "2025.01.31"]
[SourceQuality "1"]

1. e4 e5 2. Nf3 Nc6 3. Bc4 Bc5 4. d3 Nf6 5. Be3 Bxe3 6. fxe3 O-O 7. O-O d6 8. a3 Be6 9. Nbd2 Bxc4 10. Nxc4 b5 11. Ncd2 Qe7 12. Nh4 Qe6 13. Qe1 a5 14. Ndf3 Ne7 15. h3 h6 16. Nd2 c5 17. a4 b4 18. Qg3 Nh5 19. Qf3 g6 20. Nc4 Ng7 21. b3 g5 22. Nf5 Ngxf5 23. exf5 Qf6 24. e4 Kh7 25. Ne3 Nc6 26. Nd5 Qd8 27. f6 Nd4 28. Qh5 Ra7 29. Rf2 Ne6 30. g3 Rg8 31. Ne7 Rg6 32. Nxg6 fxg6 33. Qg4 Nd4 34. Raf1 Rf7 35. h4 gxh4 36. gxh4 h5 37. Qh3 Qf8 38. Kh1 Qd8 39. Kg2 Qf8 40. Kh1 Qd8 41. Kg2 Qf8 42. Qe3 Ne6 43. Qg3 Qh6 44. Kh2 Nd4 45. Kg2 Qf8 46. Qg5 Qh6 47. Qg3 Qf8 48. Kh2 Ne6 49. Kg2 Nd4 50. Kh1 Ne6 51. Kh2 Nd4 52. Qh3 Qd8 53. Qg3 Qf8 54. Kg2 Qd8 55. Qe3 1/2-1/2

[Event "Hampshire Open"]
[Site "Eastleigh"]
[Date "2008.11.07"]
[Round "1"]
[White "McMaster, Richard G"]
[Black "Lock, Gavin R"]
[Result "1/2-1/2"]
[WhiteElo "2043"]
[BlackElo "2252"]
[PlyCount "49"]
[EventDate "2008.11.07"]
[EventType "swiss"]
[EventRounds "6"]
[EventCountry "ENG"]
[SourceTitle "BritBase"]
[Source "John Saunders"]
[SourceDate "2025.01.31"]
[SourceVersion "1"]
[SourceVersionDate "2025.01.31"]
[SourceQuality "1"]

1. f4 d5 2. Nf3 g6 3. d3 Nf6 4. c3 Bg7 5. Qc2 c5 6. e4 O-O 7. Be2 b6 8. e5 Ne8 9. d4 Nc7 10. Be3 c4 11. h3 Nc6 12. g4 f5 13. Rg1 b5 14. Nbd2 Bd7 15. Nf1 b4 16. Ng5 a5 17. h4 fxg4 18. Bxg4 Bxg4 19. Rxg4 Qd7 20. Qg2 bxc3 21. bxc3 Qf5 22. h5 gxh5 23. Rg3 Rab8 24. Nh3 Rf7 25. Ng5 1/2-1/2

[Event "Hampshire Open"]
[Site "Eastleigh"]
[Date "2008.11.07"]
[Round "1"]
[White "Moore, Gillian A"]
[Black "Tunks, Dominic R"]
[Result "0-1"]
[WhiteElo "1976"]
[BlackElo "1945"]
[PlyCount "66"]
[EventDate "2008.11.07"]
[EventType "swiss"]
[EventRounds "6"]
[EventCountry "ENG"]
[SourceTitle "BritBase"]
[Source "John Saunders"]
[SourceDate "2025.01.31"]
[SourceVersion "1"]
[SourceVersionDate "2025.01.31"]
[SourceQuality "1"]

1. d4 Nf6 2. c4 e6 3. Nf3 b6 4. a3 Ne4 5. Qc2 Bb7 6. Nc3 Nxc3 7. Qxc3 Be7 8. Bf4 O-O 9. Nd2 c5 10. dxc5 bxc5 11. e4 d5 12. exd5 exd5 13. Be2 Bf6 14. Qf3 Nc6 15. Qxd5 Re8 16. Qxd8 Raxd8 17. Be3 Nd4 18. Bd3 Bxg2 19. Rg1 Nf3+ 20. Nxf3 Bxf3 21. Be2 Bxb2 22. Ra2 Bc3+ 23. Kf1 Be4 24. a4 Rb8 25. Bd1 Rb1 26. Ke2 Bb4 27. f3 Bg6 28. Kf2 Bd3 29. Bd2 Bxc4 30. Rc2 Bd3 31. Ra2 a5 32. Bc2 Re2+ 33. Kg3 Rxg1+ 0-1

[Event "Hampshire Open"]
[Site "Eastleigh"]
[Date "2008.11.08"]
[Round "2"]
[White "Coburn, Joseph A"]
[Black "Moore, Gillian A"]
[Result "1-0"]
[WhiteElo "1720"]
[BlackElo "1976"]
[PlyCount "119"]
[EventDate "2008.11.07"]
[EventType "swiss"]
[EventRounds "6"]
[EventCountry "ENG"]
[SourceTitle "BritBase"]
[Source "John Saunders"]
[SourceDate "2025.01.31"]
[SourceVersion "1"]
[SourceVersionDate "2025.01.31"]
[SourceQuality "1"]

1. d4 d5 2. c4 c6 3. Nf3 Nf6 4. Nc3 dxc4 5. a4 Bf5 6. Ne5 Na6 7. e4 Bg6 8. Bxc4 Nb4 9. f3 Qxd4 10. Qxd4 Nc2+ 11. Kf2 Nxd4 12. Rd1 Nc2 13. Rb1 e6 14. Bg5 Bc5+ 15. Ke2 Nd4+ 16. Kf1 O-O-O 17. b4 Be7 18. Be3 Nc2 19. Bxa7 Rxd1+ 20. Nxd1 Rd8 21. b5 Na3 22. Rc1 Bd6 23. Nxg6 hxg6 24. Bb3 Kd7 25. bxc6+ bxc6 26. Bb6 Rb8 27. a5 Bb4 28. Ba4 Nb5 29. Bxb5 cxb5 30. Rc7+ Ke8 31. a6 Nd7 32. Be3 Bd6 33. Rb7 Rxb7 34. axb7 Kd8 35. Nc3 b4 36. Nb5 Bb8 37. Ke1 b3 38. Kd1 f6 39. h3 g5 40. Kc1 Be5 41. Bd4 Bxd4 42. Nxd4 Kc7 43. Nxe6+ Kxb7 44. Nxg7 Kc6 45. Kb2 Kc5 46. Kxb3 Kd4 47. Nf5+ Kd3 48. h4 g4 49. h5 gxf3 50. gxf3 Ke2 51. Nh4 Ke3 52. h6 Nf8 53. Kc4 Kf2 54. f4 Kg3 55. e5 Kxh4 56. e6 Ng6 57. h7 Kg4 58. e7 Nxe7 59. h8=Q Kf5 60. Qh3+ 1-0

[Event "Hampshire Open"]
[Site "Eastleigh"]
[Date "2008.11.08"]
[Round "2"]
[White "Payne, Stephen J"]
[Black "Hurn, Paul AT"]
[Result "1-0"]
[WhiteElo "1888"]
[BlackElo "1680"]
[PlyCount "41"]
[EventDate "2008.11.07"]
[EventType "swiss"]
[EventRounds "6"]
[EventCountry "ENG"]
[SourceTitle "BritBase"]
[Source "John Saunders"]
[SourceDate "2025.01.31"]
[SourceVersion "1"]
[SourceVersionDate "2025.01.31"]
[SourceQuality "1"]

1. e4 e6 2. d4 c5 3. Nf3 Qb6 4. c3 Nf6 5. e5 Nd5 6. c4 Nc7 7. d5 d6 8. Nc3 Bd7 9. Be2 dxe5 10. Nxe5 Bd6 11. Nxd7 Nxd7 12. O-O a6 13. Na4 Bxh2+ 14. Kxh2 Qd6+ 15. Kg1 exd5 16. cxd5 Nf6 17. Bf3 O-O-O 18. Bg5 h6 19. Bh4 Na8 20. Bg3 Qf8 21. Nxc5 1-0

[Event "Hampshire Open"]
[Site "Eastleigh"]
[Date "2008.11.08"]
[Round "2"]
[White "Fowler, David W"]
[Black "McMaster, Richard G"]
[Result "0-1"]
[WhiteElo "1802"]
[BlackElo "2043"]
[PlyCount "152"]
[EventDate "2008.11.07"]
[EventType "swiss"]
[EventRounds "6"]
[EventCountry "ENG"]
[SourceTitle "BritBase"]
[Source "John Saunders"]
[SourceDate "2025.01.31"]
[SourceVersion "1"]
[SourceVersionDate "2025.01.31"]
[SourceQuality "1"]

1. d4 f5 2. Nc3 d5 3. Bf4 Nf6 4. e3 g6 5. h4 Bg7 6. Be2 Be6 7. h5 c6 8. h6 Bf8 9. b4 a6 10. a4 Qb6 11. Qb1 Nbd7 12. a5 Qd8 13. Na4 Ne4 14. f3 Nd6 15. Nh3 Nc4 16. Ng5 Bg8 17. Nc5 e5 18. dxe5 Bxc5 19. bxc5 Nxc5 20. Bxc4 dxc4 21. Qb2 Qd3 22. cxd3 Nxd3+ 23. Ke2 Nxb2 24. e6 Nd3 25. Rhb1 Nxf4+ 26. exf4 Rb8 27. Ra4 Ke7 28. Kf2 Kf6 29. Rxc4 Bxe6 30. Nxe6 Kxe6 31. Rcb4 Kd5 {(=)} 32. Rxb7 Rxb7 33. Rxb7 c5 34. Ke2 Kc4 35. Kd2 Rd8+ 36. Kc2 Re8 37. Rxh7 Re2+ 38. Kd1 Rxg2 39. Rg7 Kb5 40. h7 Rh2 41. Rc7 c4 42. Kc1 Kxa5 43. Rxc4 Rxh7 44. Rc6 Rh3 45. Rc3 Kb4 46. Rc6 a5 47. Rb6+ Ka4 48. Rxg6 Rxf3 49. Rb6 Rxf4 50. Kd2 Rb4 51. Rf6 f4 52. Rf5 Rb2+ 53. Kc3 Rf2 54. Kc4 Rf1 55. Kc3 f3 56. Kb2 Kb4 57. Rf8 a4 58. Rf4+ Kb5 59. Rf8 Kc4 60. Rd8 a3+ 61. Kxa3 f2 62. Rc8+ Kd5 63. Kb2 Re1 64. Rd8+ Kc6 65. Rc8+ Kb7 66. Rf8 f1=Q 67. Rxf1 Rxf1 68. Kc3 Rf4 69. Kd3 Kc6 70. Ke3 Rh4 71. Kf3 Kd5 72. Ke3 Ra4 73. Kf3 Ke5 74. Kg3 Kf5 75. Kf3 Ra3+ 76. Ke2 Ke4 0-1

[Event "Hampshire Open"]
[Site "Eastleigh"]
[Date "2008.11.08"]
[Round "2"]
[White "Abbott, Mark V"]
[Black "Hart, David R"]
[Result "1-0"]
[WhiteElo "1840"]
[BlackElo "1896"]
[PlyCount "55"]
[EventDate "2008.11.07"]
[EventType "swiss"]
[EventRounds "6"]
[EventCountry "ENG"]
[SourceTitle "BritBase"]
[Source "John Saunders"]
[SourceDate "2025.01.31"]
[SourceVersion "1"]
[SourceVersionDate "2025.01.31"]
[SourceQuality "1"]

1. d4 Nf6 2. c4 e6 3. Nc3 Bb4 4. e3 b6 5. Nge2 Ne4 6. f3 Nxc3 7. bxc3 Be7 8. Ng3 Nc6 9. Bd3 Ba6 10. O-O Na5 11. Qe2 O-O 12. e4 d6 13. Be3 e5 14. f4 Qd7 15. Rf3 Rfe8 16. Raf1 Bf8 17. f5 exd4 18. cxd4 f6 19. Nh5 Qf7 20. Rg3 Bxc4 21. Bxc4 Nxc4 22. Nxg7 Bxg7 23. Bh6 b5 24. Rxg7+ Qxg7 25. Bxg7 Kxg7 26. Rf4 Rg8 27. Qh5 Kh8 28. Qf7 1-0

[Event "Hampshire Open"]
[Site "Eastleigh"]
[Date "2008.11.08"]
[Round "2"]
[White "Miers, James"]
[Black "Kawuma, Steven Male"]
[Result "0-1"]
[WhiteElo "1688"]
[BlackElo "2156"]
[PlyCount "126"]
[EventDate "2008.11.07"]
[EventType "swiss"]
[EventRounds "6"]
[EventCountry "ENG"]
[SourceTitle "BritBase"]
[Source "John Saunders"]
[SourceDate "2025.01.31"]
[SourceVersion "1"]
[SourceVersionDate "2025.01.31"]
[SourceQuality "1"]

1. e4 c5 2. Nf3 Nc6 3. d4 cxd4 4. Nxd4 Nf6 5. Nc3 e5 6. Ndb5 d6 7. Bg5 a6 8. Na3 b5 9. Bxf6 gxf6 10. Nd5 f5 11. Bd3 Be6 12. O-O Bg7 13. c4 Bxd5 14. exd5 Ne7 15. Qb3 e4 16. Be2 bxc4 17. Nxc4 O-O 18. Qg3 Nxd5 19. Rad1 Nb4 20. Rxd6 Qc7 21. Rfd1 Kh8 22. Nb6 Rae8 23. Nd7 Rg8 24. Qh4 Re6 {(=)} 25. Rxe6 fxe6 26. Nf6 Bxf6 27. Qxf6+ Qg7 28. Qxg7+ Kxg7 29. a3 Nd3 30. Bxd3 exd3 31. Rxd3 Rc8 32. Kf1 Rc2 33. b4 Ra2 34. f4 Kf6 35. h3 h5 36. h4 Kf7 37. g3 Kf6 38. Re3 Kf7 39. Ke1 Kf6 40. Kd1 Kf7 41. Kc1 Ke7 42. Kb1 Rg2 43. a4 Kd6 44. Rc3 Kd5 45. b5 axb5 46. axb5 Kd4 47. Rc2 Rg1+ 48. Ka2 Rxg3 49. b6 Rg8 50. Kb3 Rb8 51. Rc4+ Kd5 52. Rb4 Kc6 53. Kc4 Rxb6 54. Rxb6+ Kxb6 55. Kb4 {(=)} Kc6 56. Kc4 Kd6 57. Kd4 e5+ 58. fxe5+ Ke6 59. Kd3 Kxe5 60. Ke3 f4+ 61. Kf3 Kf5 62. Kg2 Kg4 63. Kf2 Kxh4 0-1

[Event "Hampshire Open"]
[Site "Eastleigh"]
[Date "2008.11.08"]
[Round "2"]
[White "Tunks, Dominic R"]
[Black "Kawuma, Moses"]
[Result "0-1"]
[WhiteElo "1945"]
[BlackElo "2204"]
[PlyCount "77"]
[EventDate "2008.11.07"]
[EventType "swiss"]
[EventRounds "6"]
[EventCountry "ENG"]
[SourceTitle "BritBase"]
[Source "John Saunders"]
[SourceDate "2025.01.31"]
[SourceVersion "1"]
[SourceVersionDate "2025.01.31"]
[SourceQuality "1"]

1. e4 c5 2. Nf3 Nc6 3. d4 cxd4 4. Nxd4 Nf6 5. Nc3 e5 6. Nde2 Bc5 7. Ng3 Qb6 8. Qd2 Ng4 9. Nd1 O-O 10. c3 a5 11. Bc4 d6 12. Qe2 Ne7 13. Bg5 Ng6 14. Nf5 d5 15. Bxd5 Nf6 16. Nde3 Nf4 17. Qf3 Bxf5 18. Bxf6 Bg6 19. Bh4 Nd3+ 20. Kd2 Nf4 21. Ke1 Kh8 22. Bc4 Qc6 23. Bd5 Qc7 24. Rd1 Rac8 25. g3 Ne6 26. Rd2 b5 27. Kd1 Bxe3 28. Qxe3 Nc5 29. f3 f5 30. exf5 Bxf5 31. g4 Bg6 32. Bg3 Rce8 33. h4 Bf7 34. Ke2 Qe7 35. Be1 Nb7 36. Bxf7 Rxf7 37. Rd5 e4 38. fxe4 Qxe4 39. Qxe4 {Time.} 0-1

[Event "Hampshire Open"]
[Site "Eastleigh"]
[Date "2008.11.08"]
[Round "2"]
[White "Yeo, Michael J"]
[Black "Corkett, Anthony R"]
[Result "1/2-1/2"]
[WhiteElo "2103"]
[BlackElo "2306"]
[PlyCount "103"]
[EventDate "2008.11.07"]
[EventType "swiss"]
[EventRounds "6"]
[EventCountry "ENG"]
[SourceTitle "BritBase"]
[Source "John Saunders"]
[SourceDate "2025.01.31"]
[SourceVersion "1"]
[SourceVersionDate "2025.01.31"]
[SourceQuality "1"]

1. e4 c5 2. Nf3 g6 3. d4 Bg7 4. dxc5 Na6 5. Bxa6 bxa6 6. Qd5 Rb8 7. Ne5 e6 8. Qd6 Bb7 9. Nc3 Rc8 10. Nc4 Ne7 11. Bg5 f6 12. Qg3 O-O 13. Nd6 Rb8 14. Bf4 Bc6 15. O-O-O e5 16. Bd2 Nc8 17. Qd3 Nxd6 18. cxd6 Qb6 19. Be3 Qxb2+ 20. Kd2 Qb7 21. Rb1 Bb5 22. Qd5+ Qxd5+ 23. Nxd5 Kf7 24. Bxa7 Bh6+ 25. Be3 Bxe3+ 26. Nxe3 Ke6 27. Rb4 Rb6 28. c4 Rxd6+ 29. Nd5 Bc6 30. c5 Rxd5+ 31. exd5+ Kxd5 32. Rc1 a5 33. Rb3 e4 34. Ke3 Ke5 35. Rcb1 f5 36. g3 g5 37. Rb8 f4+ 38. Ke2 Rf7 39. Re8+ Kd4 40. Rd1+ Kc4 41. Rc1+ Kd4 42. Rd1+ Kxc5 43. Re5+ d5 44. Rxg5 Bb5+ 45. Ke1 Bc4 46. a3 Rb7 47. Rg8 Bd3 48. gxf4 Rb2 49. Rd2 Rb1+ 50. Rd1 Rb2 51. Rd2 Rb1+ 52. Rd1 1/2-1/2

[Event "Hampshire Open"]
[Site "Eastleigh"]
[Date "2008.11.08"]
[Round "3"]
[White "Corkett, Anthony R"]
[Black "Abbott, Mark V"]
[Result "1/2-1/2"]
[WhiteElo "2306"]
[BlackElo "1840"]
[PlyCount "96"]
[EventDate "2008.11.07"]
[EventType "swiss"]
[EventRounds "6"]
[EventCountry "ENG"]
[SourceTitle "BritBase"]
[Source "John Saunders"]
[SourceDate "2025.01.31"]
[SourceVersion "1"]
[SourceVersionDate "2025.01.31"]
[SourceQuality "1"]

1. e4 c5 2. Nc3 Nc6 3. Bb5 g6 4. Bxc6 dxc6 5. d3 e5 6. Nge2 Bg7 7. Be3 Qd6 8. Qd2 Be6 9. a4 Nf6 10. h3 b6 11. a5 b5 12. f4 Nd7 13. O-O f5 14. Ng3 O-O 15. exf5 Bxf5 16. fxe5 Bxe5 17. Nxf5 Rxf5 18. Rxf5 gxf5 19. Rf1 Rf8 20. Bf4 Rf7 21. Ne2 Rg7 22. Bxe5 Qxe5 23. c3 Nf6 24. Nf4 Re7 25. Qf2 Qe3 26. Qxe3 Rxe3 27. Kf2 Re7 28. Re1 Rxe1 29. Kxe1 Kf7 30. Kd2 Ke7 31. Ne2 Kd6 32. Ke3 Nd5+ 33. Kf3 a6 34. g3 h6 35. Nc1 c4 36. dxc4 bxc4 37. Ne2 c5 38. g4 Ke5 39. gxf5 Kxf5 40. Ng3+ Ke5 41. Ne4 Nf4 42. Nxc5 Nxh3 43. Nxa6 Ng5+ 44. Kg4 Nf7 45. Nc5 Nd6 46. Na4 Kd5 47. Nb6+ Kc5 48. Kh5 Kb5 1/2-1/2

[Event "Hampshire Open"]
[Site "Eastleigh"]
[Date "2008.11.08"]
[Round "3"]
[White "Esmat, Khaled"]
[Black "Tunks, Dominic R"]
[Result "0-1"]
[WhiteElo "1816"]
[BlackElo "1945"]
[PlyCount "54"]
[EventDate "2008.11.07"]
[EventType "swiss"]
[EventRounds "6"]
[EventCountry "ENG"]
[SourceTitle "BritBase"]
[Source "John Saunders"]
[SourceDate "2025.01.31"]
[SourceVersion "1"]
[SourceVersionDate "2025.01.31"]
[SourceQuality "1"]

1. d4 Nf6 2. c4 e6 3. Nc3 Bb4 4. Qc2 O-O 5. Nf3 c5 6. e3 b6 7. a3 Ba5 8. Bd3 Bb7 9. Qe2 Bxc3+ 10. bxc3 Ne4 11. Bxe4 Bxe4 12. O-O Nc6 13. Nd2 Bg6 14. Nb3 Rc8 15. a4 cxd4 16. cxd4 Nb4 17. e4 d5 18. cxd5 exd5 19. Ba3 Rc4 20. Rac1 Bxe4 21. Rxc4 Bd3 22. Qd2 Bxf1 23. Rxb4 a5 24. Kxf1 axb4 25. Qxb4 Re8 26. a5 Qc8 27. axb6 Qa6+ 0-1

[Event "Hampshire Open"]
[Site "Eastleigh"]
[Date "2008.11.08"]
[Round "3"]
[White "Hart, David R"]
[Black "Coburn, Joseph A"]
[Result "1/2-1/2"]
[WhiteElo "1896"]
[BlackElo "1720"]
[PlyCount "51"]
[EventDate "2008.11.07"]
[EventType "swiss"]
[EventRounds "6"]
[EventCountry "ENG"]
[SourceTitle "BritBase"]
[Source "John Saunders"]
[SourceDate "2025.01.31"]
[SourceVersion "1"]
[SourceVersionDate "2025.01.31"]
[SourceQuality "1"]

1. e4 d6 2. d4 Nf6 3. Nc3 g6 4. f4 Bg7 5. Nf3 O-O 6. Bd3 c6 7. e5 dxe5 8. fxe5 Nd5 9. Ne4 Bf5 10. c3 Nd7 11. O-O f6 12. exf6 exf6 13. Ng3 Bxd3 14. Qxd3 Qb6 15. c4 Nb4 16. Qb3 Na6 17. Bd2 Qxb3 18. axb3 Nc7 19. Rfe1 Rfe8 20. Rxe8+ Nxe8 21. Re1 Kf7 22. Bb4 Bf8 23. Bxf8 Kxf8 24. Ne4 Kf7 25. Kf2 h6 26. Ke2 1/2-1/2

[Event "Hampshire Open"]
[Site "Eastleigh"]
[Date "2008.11.08"]
[Round "3"]
[White "Hurn, Paul AT"]
[Black "Moore, Gillian A"]
[Result "1/2-1/2"]
[WhiteElo "1680"]
[BlackElo "1976"]
[PlyCount "54"]
[EventDate "2008.11.07"]
[EventType "swiss"]
[EventRounds "6"]
[EventCountry "ENG"]
[SourceTitle "BritBase"]
[Source "John Saunders"]
[SourceDate "2025.01.31"]
[SourceVersion "1"]
[SourceVersionDate "2025.01.31"]
[SourceQuality "1"]

1. e4 Nf6 2. e5 Nd5 3. d4 d6 4. f4 Bf5 5. c3 e6 6. Nf3 dxe5 7. fxe5 c6 8. Bd3 Bxd3 9. Qxd3 Nd7 10. O-O Be7 11. Nbd2 Qc7 12. Ne4 h6 13. a3 O-O-O 14. c4 N5b6 15. a4 Nc5 16. Nxc5 Bxc5 17. Qc3 Be7 18. a5 Nd7 19. b4 a6 20. Be3 g5 21. Nd2 f6 22. c5 Rhf8 23. Qb3 fxe5 24. Qxe6 Bf6 25. Ne4 exd4 26. Nxf6 dxe3 27. Rae1 Qe5 1/2-1/2

[Event "Hampshire Open"]
[Site "Eastleigh"]
[Date "2008.11.08"]
[Round "3"]
[White "Kawuma, Moses"]
[Black "Yeo, Michael J"]
[Result "1-0"]
[WhiteElo "2204"]
[BlackElo "2103"]
[PlyCount "71"]
[EventDate "2008.11.07"]
[EventType "swiss"]
[EventRounds "6"]
[EventCountry "ENG"]
[SourceTitle "BritBase"]
[Source "John Saunders"]
[SourceDate "2025.01.31"]
[SourceVersion "1"]
[SourceVersionDate "2025.01.31"]
[SourceQuality "1"]

1. d4 d5 2. Nf3 Nc6 3. c4 Bg4 4. e3 e5 5. cxd5 Qxd5 6. Nc3 Bxf3 7. Nxd5 Bxd1 8. Nxc7+ Kd7 9. Nxa8 Bh5 10. Bb5 Bb4+ 11. Bd2 Bxd2+ 12. Kxd2 Nf6 13. dxe5 Ne4+ 14. Ke1 Rxa8 15. f3 Nc5 16. Rc1 Ne6 17. Ke2 Rd8 18. Bxc6+ bxc6 19. Rhd1+ Kc7 20. Rxd8 Nxd8 21. Rc4 Nb7 22. h4 Bg6 23. e4 c5 24. b4 f6 25. exf6 Bf7 26. Rc2 gxf6 27. bxc5 Kc6 28. Ke3 Nd8 29. g4 Ne6 30. f4 Kb5 31. Rb2+ Kc6 32. Rc2 Kb5 33. c6 Nc7 34. g5 fxg5 35. hxg5 Be8 36. Rh2 1-0

[Event "Hampshire Open"]
[Site "Eastleigh"]
[Date "2008.11.08"]
[Round "3"]
[White "Kawuma, Steven Male"]
[Black "Lock, Gavin R"]
[Result "0-1"]
[WhiteElo "2156"]
[BlackElo "2252"]
[PlyCount "94"]
[EventDate "2008.11.07"]
[EventType "swiss"]
[EventRounds "6"]
[EventCountry "ENG"]
[SourceTitle "BritBase"]
[Source "John Saunders"]
[SourceDate "2025.01.31"]
[SourceVersion "1"]
[SourceVersionDate "2025.01.31"]
[SourceQuality "1"]

1. e4 e6 2. d3 d5 3. Nd2 Nf6 4. g3 a5 5. Bg2 dxe4 6. dxe4 e5 7. Ngf3 Nc6 8. O-O Bc5 9. c3 O-O 10. Qc2 b6 11. Nc4 Ba6 12. Rd1 Qe7 13. Ne3 Rad8 14. Nd5 Nxd5 15. exd5 e4 16. Ne1 Ne5 17. Be3 Bxe3 18. fxe3 f5 19. b3 Ng4 20. Qd2 Qg5 21. Nc2 Bd3 22. Nd4 Qxe3+ 23. Qxe3 Nxe3 24. Rxd3 exd3 25. Ne6 Nxg2 26. Kxg2 Rxd5 27. Nxf8 Kxf8 28. Kf3 d2 29. Rd1 Ke7 30. Ke2 Kf6 31. Rxd2 Rxd2+ 32. Kxd2 Ke5 33. Ke3 g5 34. Kf3 h5 35. a4 c6 36. Ke3 f4+ 37. gxf4+ gxf4+ 38. Kf3 Kf5 39. b4 c5 40. bxa5 bxa5 41. h3 c4 42. Kf2 Ke4 43. Ke2 f3+ 44. Kf2 h4 45. Kf1 Ke3 46. Ke1 f2+ 47. Kf1 Kd2 0-1

[Event "Hampshire Open"]
[Site "Eastleigh"]
[Date "2008.11.08"]
[Round "3"]
[White "McMaster, Richard G"]
[Black "Payne, Stephen J"]
[Result "1-0"]
[WhiteElo "2043"]
[BlackElo "1888"]
[PlyCount "95"]
[EventDate "2008.11.07"]
[EventType "swiss"]
[EventRounds "6"]
[EventCountry "ENG"]
[SourceTitle "BritBase"]
[Source "John Saunders"]
[SourceDate "2025.01.31"]
[SourceVersion "1"]
[SourceVersionDate "2025.01.31"]
[SourceQuality "1"]

1. d4 Nf6 2. c4 g6 3. Nc3 Bg7 4. e4 d6 5. f3 O-O 6. Be3 c5 7. Nge2 Nc6 8. d5 Ne5 9. Ng3 h5 10. Be2 Qa5 11. Bd2 Qb6 12. Qc1 Kh7 13. f4 Neg4 14. h3 Nh6 15. O-O Nfg8 16. Bd3 h4 17. Nge2 f5 18. Rb1 Qd8 19. Qc2 b6 20. Rbe1 a6 21. Kh1 Kh8 22. Ng1 fxe4 23. Nxe4 Nf5 24. Nf3 Nf6 25. Kg1 Nh5 26. Nfg5 Bd4+ 27. Kh2 Bg7 28. Bc3 Nd4 29. Qf2 Rxf4 30. Nf7+ Rxf7 31. Qxf7 Be5+ 32. Kg1 Bf5 33. Ng5 Nf6 34. Bxf5 gxf5 35. Ne6 Nxe6 36. Qxe6 Bg3 37. Re3 f4 38. Re4 Kh7 39. Bxf6 exf6 40. Qf5+ Kg7 41. Re6 b5 42. Rxf4 Bxf4 43. Qxf4 bxc4 44. Rxd6 Qe7 45. Qg4+ Kf8 46. Re6 Qg7 47. Qxh4 Kf7 48. Qxc4 1-0